Equilibrium Quarterly Journal of Economics and Economic Policy

Na minha lista:
Detalhes bibliográficos
Formato: Periódico
Idioma:inglês
Publicado em: Torun Uniwersytet Mikolaja Kopernika
Tags: Adicionar Tag
Sem tags, seja o primeiro a adicionar uma tag!

MARC

LEADER 00000nas1a2200000 4500
001 0247507
005 20250701092110.5
022 |a 1689-765X 
022 |a 2353-3293 
041 0 |a eng 
044 |a PL 
245 1 0 |a Equilibrium  |b Quarterly Journal of Economics and Economic Policy 
264 1 |a Torun  |b Uniwersytet Mikolaja Kopernika